1980 1168 1697 1720 1546 1364 1067 1762 1393 1507 1112 1324 1999 1374 1584 1774 1897 1895 1300 1374 1797 1815 1263 1185 1466 1398 1757 1122 1567 1026 1711 1714 1742 1200 1223 1888 1313 1885 1279 1232 1763 1323 1353 1274 1944 1070 1100 1262 1393 1884 1036 1637 1473 1927 1592 1497 1791 1874 1267 1064 1449 1866 1920 1391 1590 1929 1044 1977 1087 1270 1062 1034 1589 1997 1055 1066 1195 1053 1058 1427 1719 1274 1922 1281 1154 1690 1320 1069 1632 1764 1126 1191 1762 1435 1690 1469 1218 1172 1996 BCNSPRNW ULIB Ver.6.0+V

เปลี่ยนเป็นภาษาไทย

Change to English
 แสดงรายละเอียดบรรณานุกรม
  กลับหน้าหลัก

Brief Record : Get Marc (ISO 2709) : E-mail record : QR code < ปิดหน้าต่าง
LEADER : 00000nam 2200000uu 4500
001    13399112619
003     ULIB
008    110829s2545||||th 000 0 tha d
020    9746138588
050 04 HQ773^bส719ป ล.2 25445
110 1  มหาวิทยาลัยสุโขทัยธรรมาธิราช^bสาขาวิชาคหกรรมศาสตร์
245 00 ปัญหาเด็กและเยาวชนกับการส่งเสริมอาชีพ หน่วยที่ 8-15=^bJuvenile problems and creer promotion/^cสาขาวิชาคหกรรมศาสตร์ มหาวิทยาลัยสุโขทัยธรรมาธิราช
250    พิมพ์ครั้งที่ 7
260    นนทบุรี :^bมหาวิทยาลัยสุโขทัยธรรมาธิราช,^c2545
300    562 หน้า :^bภาพประกอบ ;^c30 ซม
650  7 เด็กที่เป็นปัญหา
650  7 เด็ก^xการสังเคราะห์
650  7 เยาวชน^xการสังเคราะห์
650  7 การแนะแนวอาชีพ
945    ^p0^l0^i018545
995    ทศพร
999 ^a ทศพร
รายการนี้ยังไม่มีแท็ก
คุณยังไม่ได้ล็อกอิน คุณสามารถมีกิจกรรมร่วมกับเว็บไซต์ได้ แต่ต้องล็อกอินก่อน ::
  ล็อกอิน

รายการสื่อสารสนเทศ

ลำดับที่ ประเภท เลขเรียก/บาร์โค้ด สถานที่ สถานะ
- ไม่พบข้อมูล -

รายการใกล้เคียง
    หัวเรื่อง [เด็กที่เป็นปัญหา]
    หัวเรื่อง [การแนะแนวอาชีพ]

BibComment


ยังไม่เคยถูกคอมเมนท์

คอมเมนท์ทรัพยากรรายการนี้
  คอมเมนท์: ปัญหาเด็กและเยาวช..


 Copyright 2026. Bcnsprnw @Library